MDQL
is popping MORE tags! Check the
thread
!
Quizzes
Events
Quiz Creation
Community
Videos
Private Events
Remove Ads
Sign In
Join for FREE
Feedback
Dark Mode
Quiz Categories
Sports
Geography
Music
Movies
Television
Just For Fun
Miscellaneous
History
Literature
Language
Science
Gaming
Entertainment
Religion
Holiday
For Kids
Quiz Lab
Recent
Popular Today
Quiz Kudos Today
Editor Picks
Curator Picks
Quizzes by...
Day
Popularity
Type
Ratings
Length
Year
Community
Subscriptions
Recent Discussions
Orange Saloon
Badges
Playlists
Quests
Create
Leaderboards
Showdown
Live 5
Trivia Bingo
Activity
Puzzle Library
Sporcle Events
Private Events
Virtual Trivia
Globe League
Become a Host
Pub Owners
SporcleCon
Opinionation
Our Games
Videos
Blog
Mobile Apps
Partnerships
Remove Ads and Go Orange
Feedback
Television
TV Characters
TV Show
Sitcom
Network
Friends
Reality Shows
Cast
South Park
Star Trek
The Simpsons
Doctor Who
Television
TV Characters
TV Show
Sitcom
Network
Friends
Reality Shows
Cast
South Park
Star Trek
The Simpsons
Doctor Who
Random Quiz
Search Sporcle
×
Quiz Lab
Quiz Lab
Television
dead
Type in answers that appear in a list
Type in answers that appear in a list
Classic
Best Score? Go Orange.
The Walking Dead S6 Characters Stats
Can you name the The Walking Dead S6 Characters?
By
xKieranKx
10m
77 Questions
161 Plays
161 Plays
161 Plays
Comments
Comments
Give Quiz Kudos
Give Quiz Kudos
-
- Ratings
hide this ad
More Info
Replay
Link that replays current quiz
Next Quiz
Link to next quiz in quiz playlist
You Got
0%
They Got
Avg Score
48%
Avg Friend Score
Upgrade to see
Score Distribution
Jump to the score distribution portion of the page
Score
0/77
Timer
10:00
0
Plays Today
Character
% Correct
Rick Grimes
98.8%
Carl Grimes
95.6%
Daryl Dixon
91.3%
Glenn Rhee
91.3%
Carol Peletier
91.3%
Abraham Ford
90%
Maggie Greene
89.4%
Eugene Porter
88.8%
Rosita Espinosa
88.8%
Deanna Monroe
88.1%
Michonne
85%
Spencer Monroe
85%
Jessie Anderson
84.4%
Morgan Jones
83.8%
Sam Anderson
83.8%
Ron Anderson
83.8%
Tara Chambler
80.6%
Negan
80.6%
Sasha Williams
79.4%
Denise Cloyd
78.1%
Aaron
78.1%
Dwight
78.1%
Paul 'Jesus' Rovia
76.9%
Gabriel Stokes
71.3%
Enid
70.6%
Tobin
70%
Olivia
70%
Gregory
66.9%
Nicholas
65%
Eric
65%
Heath
63.8%
Owen (Alpha Wolf)
51.9%
Scott
47.5%
Paula
46.3%
Tina
43.1%
Eastman
42.5%
Francine
41.9%
Carter
41.3%
Annie
40.6%
Character
% Correct
Bruce
38.8%
David
36.9%
Kal
36.3%
Molly
35%
Bob Miller
34.4%
Primo
32.5%
Michelle
31.3%
Barbara
30.6%
Judith Grimes
28.8%
Shelly Neudermeyer
28.8%
Kent
28.1%
Ethan
28.1%
Barnes
27.5%
Sturgess
27.5%
Erin
27.5%
Doctor Harlan Carson
26.3%
Natalie Miller
25.6%
Honey
25.6%
Donnie
25%
Bertie
24.4%
Holly
23.8%
Anna
23.1%
Betsy
23.1%
Bud
23.1%
Eduardo
21.9%
Andy
20.6%
Wade
18.1%
Freddie
16.9%
Cam
16.9%
Roman
16.3%
Jiro
16.3%
Crystal
15.6%
Aphid
14.4%
Craig
13.8%
T
13.1%
Wesley
12.5%
Neil
9.4%
Miles
8.8%
Quiz Playlist
Details
Report
Send in Message
Add To Playlist
More Info:
The Walking Dead Season 6 Characters. All notable cast members and survivors seen in TWD S6.
Classic:
Type in answers that appear in a list
Last Updated: Feb 16, 2017
Quiz Scoreboard
CHALLENGE
Sign Up to Join the Scoreboard
Show All
Scores
Hide
Comments
May contain spoilers
Recently Published
5x2 Blitz: Bands
by SL_Kpop136
Music
30s
Colored Red Africa Blitz
by spor1
Geography
30s
Find the 'City' Movie
by crazypaving
Movies
60s
More to Explore
Quiz From the Vault
Featured Blog Post
14 Easter Pick-up Lines to Find Eggs With
hide this ad
You Might Also Like...
Tags
appearance
Character
dead
The Walking Dead
Walking
Today's Top Quizzes in Television
Browse Television
hide this ad
Today's Top Quizzes in dead
Browse dead
Top Contributed Quizzes in Television
1
Survivor Journey Challenge
2
Brooklyn Nine Nine Logic Puzzle (How-To-Play)
3
Total Drama Characters
4
Phoebe Buffay Quotes
5
Survivor Trivia
6
Survivor Logic Puzzle: Heroes vs. Villains
7
Emmerdale Characters (from August 2012)
8
One Tree Hill Logic Puzzle
9
Adjectives in 00s TV Shows
10
All US Survivor Seasons in Order
Explore More
Trending Topics
Disney
NBA
Harry Potter
Kpop
Anime
Crossword
Marvel
Soccer
The Office
NFL
WWE
Country
Pokémon
Puzzle
Song
hide this ad
More By:
xKieranKx
Quiz
Plays
Rating
Category
Featured
Created
The Walking Dead S6 Characters
161
5.00
Television
May 21, 2016
The Walking Dead S5 Characters
105
Television
May 22, 2016
The Force Awakens Characters
40
3.00
Movies
May 22, 2016
Go to Creator's Profile
Score Distribution
Quiz Creator Spotlight
xKieranKx
Follow
Send a Message
Quizzes Created
-
Created Quiz Play Count
-
More By This Creator
Popular Quizzes Today
1
Colored Red Africa Blitz
2
Find the 'City' Movie
3
Find the US States - No Outlines Minefield
4
5x2 Blitz: Bands
5
The Countries of the World
6
Find the US States
7
US States
8
Find the Countries of Europe - No Outlines Minefield
More Television Quizzes
TV Bosses by Image II
Published
Trending Quizzes
Colored Red Europe Blitz I
Colored Red Africa Blitz II
Colored Red Europe Blitz II
Colored Red Europe Blitz III
Colored Red Africa Blitz III
Recently Updated
How Do You Spell That?
pecheneg
Godzilla Movies
pecheneg
Grab Bag: 4-10 Letters
pecheneg
2024 March Madness Bracket
pecheneg
Famous TV Couples
Peacemaker
Champions League XIs: Real Madrid
pecheneg
Largest US Cities 1790-2010
pecheneg
Rides in Walt Disney World
pecheneg
Most Oscar Losses (Acting)
pecheneg
Beyoncé Albums
pecheneg
Trending Topics
Kpop
Anime
NBA
Disney
Crossword
Marvel
Harry Potter
NFL
Country
Song
Puzzle
Soccer
WWE
Pokémon
The Office
Your Account Isn't Verified!
In order to create a playlist on Sporcle, you need to verify the email address you used during registration. Go to your
Sporcle Settings
to finish the process.
Report this User
Report this user for behavior that violates our
Community Guidelines
.
Details:
Send Report
Go to the Sporcle.com Mobile Site →
Comments